Inside counsel. Breaking news

Detalles Bibliográficos
Formato: Electrónico Periódico
Lenguaje:inglés
Publicado: New York : National Underwriter Company dba Summit Business Media
Materias:
Acceso en línea:Full text available from Research Library: 07/01/2011 to 06/19/2017

MARC

LEADER 00000nas a2200000 i 4500
001 ssj0001077829
003 WaSeSS
005 20200512172242.0
006 m d
007 cr n
008 131217c20uu9999nyud| n|s|||||| |0eng d
035 |a (WaSeSS)ssj0001077829 
040 |a WaSeSS  |b eng  |c WaSeSS  |d WaSeSS 
050 1 4 |a K1311.3 
245 0 0 |a Inside counsel. Breaking news  |h [electronic resource]. 
260 |a New York :  |b National Underwriter Company dba Summit Business Media 
310 |a Daily 
506 |a License restrictions may limit access. 
588 |a Description based on: July 1, 2011; title from title screen (ProQuest, viewed Dec. 17, 2013). 
588 |a Latest issue consulted: December 13, 2013 (viewed Dec. 17, 2013). 
650 0 |a Corporation law  |v Newspapers. 
650 0 |a Corporate legal departments  |v Newspapers. 
655 0 |a Electronic journals. 
856 4 0 |z Full text available from Research Library: 07/01/2011 to 06/19/2017  |u https://search.proquest.com/publication/436338